000 00259nam a22001217a 4500
008 181031b xxu||||| |||| 00| 0 eng d
041 _aeng
080 _a940
100 _a16
101 _aSHH
245 _aThe Age of Louis XIV
_cDurant,W
942 _2udc
_cBK
999 _c51221
_d51221